000 01148cam a2200325 a 4500
999 _c10082
_d10082
001 4936578
003 OSt
005 20191227150327.0
008 950706s1995 ii b 001 0 eng d
010 _a 95200372
015 _aGB95-42845
020 _a0195635159
035 _a(OCoLC)32770671
040 _aNSbSU
_coclc
_dUk
_dDLC
042 _alccopycat
043 _aa-ii---
050 0 4 _aHC435.2
_b.L437 1995
082 0 0 _a338.954
_220
_bLEW/I
100 _aLewis, John P
_q(John Prior),
_d1921-2010.
_9860
245 1 0 _aIndia's Political Economy :
_bGovernance and Reform /
_cJohn P. Lewis
260 _aDelhi :
_bOxford University Press,
_c1995.
300 _a 401 p
_c23 cm.
504 _aIncludes bibliographical references (p. [386]-394) and index.
651 0 _aIndia
_xEconomic conditions
_y1947-
651 0 _aIndia
_xEconomic policy
_y1947-
856 4 2 _3Publisher description
_uhttp://www.loc.gov/catdir/enhancements/fy0638/95200372-d.html
906 _a7
_bcbc
_ccopycat
_d2
_encip
_f19
_gy-gencatlg
942 _2ddc
_cBK
_h338.954
_iLEW/I
_k338.954
_mLEW/I